000 03297cam a22011654i 4500
003 PE-LiUPU
005 20250813185557.0
008 150706s1996 pe r 000 0 spa d
035 _a(Sirsi) a48758
040 _aPE-LiUPU
_bspa
_cPE-LiUPU
_erda
049 _aPRUA
082 0 4 _a370.286732
_bJM
_221
100 1 _aCadwaller, E. M.,
_eautor.
245 1 3 _aEl educador en los escritos de Elena G. de White :
_bFilosofía de la Educación cristiana /
_cE. M.Cadwaller.
264 1 _aLima :
_b[Jornadas Magisteriales],
_c1996.
300 _a48 páginas ;
_c21 centímetros.
336 _atext
_2rdacontent
337 _aunmediated
_2rdamedia
338 _avolume
_2rdacarrier
490 0 _aJornadas magisteriales ;
_v2
505 0 _aLa importancia del trabajo del maestro -- Cristo, el maestro: Un ejemplo -- Cristo, El maestro: Su propia educación -- Cristo, El maestro: Lo que enseño -- Cristo, el maestro: Sus métodos en general -- Cristo, el maestro: sus métodos con los doce -- Los blancos de los maestros -- Responsabilidades de los maestros -- Recompensas de la enseñanza -- Cualidades básicas de los maestros -- Cualidades religiosas de los maestros -- Cualidades de los maestros: Su responsabilidad -- Cualidades de los maestros: Su conducta -- Cualidades de los maestros: Su salud -- Cualidades de los maestros: Sus actitudes -- La conducta del maestro -- El ejemplo del maestro -- La carga del maestro.
526 _aP202
526 _aP201
526 _aP163
526 _aP162
526 _aP161
526 _aP160
526 _aP148
526 _aP147
526 _aP146
526 _aP145
526 _aP144
526 _aP143
526 _aP142
526 _aP141
526 _aP140
526 _aP139
526 _aP138
526 _aP137
526 _aP136
526 _aP135
526 _aP134
526 _aP133
526 _aP129
526 _aP128
526 _aP127
526 _aP120
526 _aP119
526 _aP118
526 _aP116
526 _aP115
526 _aP114
526 _aP110
526 _aP109
526 _aP108
526 _aP104
526 _aP103
526 _aP102
526 _aP99
526 _aP98
526 _aP97
526 _aP96
526 _aP95
526 _aP93
526 _aP90
526 _aP89
526 _aP88
526 _aP83
526 _aP82
526 _aP62
526 _aP59
526 _aP58
526 _aP57
526 _aP51
526 _aP49
526 _aP48
526 _aP47
526 _aP29
526 _aP24
526 _aP20
526 _aP19
526 _aP17
526 _aP15
526 _aP14
526 _aP12
526 _aP10
526 _aP09
526 _aP08
526 _aP07
526 _aP06
526 _aP05
526 _aP04
526 _aP01
650 1 4 _aEducadores adventistas.
650 1 4 _aEducación adventista
_xFilosofía.
_93729
942 _2ddc
_cBOOK
949 _a370.286732 JM 2
_wDEWEY
_c1
_i61926
_lCCODEBUL1
_mBUL
_p02.00
_r0
_sY
_tLIBRO
_u2015-07-06
_xEDUCACION
_o.STAFF. Colección General
999 _c51030
_d51030
980 _81
_gALBERTO SANCHEZ Responsable de Automatización